Fallout 4 All Settlements(inc DLC) - Statistics

General Stats
  • This quiz has been taken 261 times
  • The average score is 15 of 36
Answer Stats
General Location Answer % Correct
Sanctuary Hills
83%
Commonwealth Abernathy Farm
64%
Red Rocket Truck Stop
64%
The Castle
64%
Boston Airport
63%
Hangman's Alley
57%
Tenpines Bluff
52%
Covenant
50%
Starlight Drive-In
50%
Bunker Hill
49%
Jamaica Plain
47%
The Slog
46%
Oberland Station
44%
Finch Farm
43%
Spectacle Island
43%
Vault 88
43%
Graygarden
41%
Outpost Zimonja
40%
Sunshine Tidings Co-op
40%
Coastal Cottage
39%
Nuka World Nuka World Red Rocket
37%
Warwick Homestead
37%
Kingsport Lighthouse
35%
Greentop Nursery
34%
Longfellow's Cabin
34%
Murkwater Construction Site
34%
Nordhagen Beach
33%
County Crossing
32%
Croup Manor
32%
Somerville Place
31%
Egret Tours Marina
30%
Taffington Boathouse
28%
The Island Dalton Farm
27%
Echo Lake Lumber
21%
The Mechanist's Lair
21%
National Park Visitor's Center
15%
No matching quizzes found
Score Distribution
Percent of People with Each Score
Percentile by Number Answered
Your Score History
You have not taken this quiz